000 00782nam a2200265Ia 4500
005 20260302115133.0
008 008 260114s9999 xx 000 0 eng d
020 _a9781472555564
037 _aTextbook
040 _aCRL
040 _beng
040 _cCRL
041 _2eng
041 _aeng
084 _qCRL
100 _aMark Thornton Burnett, Courtney Lehmann, Marguerite H. Rippy and Ramona Wray
_91120801
245 0 _aWelles, Kurosawa, Kozintsev, Zeffirelli Great Shakespeareans: Volume XVII
260 _bBloomsbury
260 _bThe Arden Shakespeare
260 _c2013
650 _aLiterary Studies
856 _uhttps://dx.doi.org/10.5040/9781472555564?locatt=label:secondary_bloomsburyCollections
942 _cEBOOK
999 _c1685091
_d1685091